| 000 | 01630cam a2200325 a 4500 | ||
|---|---|---|---|
| 001 | 16543070 | ||
| 003 | OSt | ||
| 005 | 20180116183011.0 | ||
| 008 | 101118s2011 nyu b 001 0 eng | ||
| 010 | _a 2010047473 | ||
| 020 | _a9780071765817 (alk. paper) | ||
| 040 |
_aDLC _cDLC _dDLC |
||
| 050 | 0 | 0 |
_aHD31 _b.M28134 2011 |
| 082 | 0 | 0 |
_a658 _222 |
| 100 | 1 | _aMaciariello, Joseph A. | |
| 245 | 1 | 0 |
_aDrucker's lost art of management . _bPeter Drucker's timeless vision for building effective organizations . _cJoseph A. Maciariello, Karen E. Linkletter. |
| 260 |
_aNew York . _bMcGraw-Hill. _c2011. |
||
| 300 |
_aviii, 456 p. ; _c24 cm. |
||
| 500 | _aPaper Cover | ||
| 504 | _aIncludes bibliographical references (p. 409-440) and index. | ||
| 505 | 0 | _aOrigins of management as a liberal art in Peter Drucker's writings -- Management and liberal arts traditions : bridging the two worlds -- Contributions of management as a liberal art -- Federalism and the distribution of power and authority -- The human dimension and management as a liberal art -- Effective leadership as a liberal art -- Social ecology and the practice of management as a liberal art -- Applied social ecology : innovation and change for a hopeful and bearable society. | |
| 600 | 1 | 0 |
_aDrucker, Peter F. _q(Peter Ferdinand), _d1909-2005. |
| 650 | 0 | _aManagement. | |
| 650 | 0 | _aSocial ecology. | |
| 650 | 0 | _aLeadership. | |
| 700 | 1 | _aLinkletter, Karen E. | |
| 906 |
_a7 _bcbc _corignew _d1 _eecip _f20 _gy-gencatlg |
||
| 942 |
_2ddc _cBK _k658 |
||
| 999 |
_c350282 _d350282 |
||